Historia Niemiec A-Ż - Statystyki

Ogólne statystyki
  • Ten quiz został rozwiązany 1 709 razy
  • Średni wynik to 17 z 27
Statystyki odpowiedzi
Wskazówka Odpowiedź % Poprawnych
H Austriacki malarz Adolf Hitler
88%
O Imię „Żelaznego Kanclerza” von Bismarcka Otto
86%
L W 1517 roku zapoczątkował reformację protestancką Marcin Luter
85%
A Co Karl Benz wynalazł w 1885 roku Auto
84%
J Kraj ten wypowiedział wojnę Niemcom w 1914 roku i natychmiast przejął większość ich posiadłości na Pacyfiku Japonia
84%
G Bracia, którzy zbierali i popularyzowali bajki takie jak „Kopciuszek” Bracia Grimm
83%
D Dawna nazwa miasta, obecnie Gdańsk Danzig
80%
Ś Region, na którym odbył się plebiscyt w 1919 roku Górny {Śląsk}
77%
K Rosja zaanektowała to miasto po II wojnie światowej i zmieniła jego nazwę na Kaliningrad Królewiec
76%
B Stolica Niemiec Zachodnich Bonn
75%
R Rzeka, która oddzielała Imperium Rzymskie od plemion germańskich Ren
75%
N Miasto to było miejscem wieców nazistowskich, a później trybunałów ds. zbrodni wojennych Norymberga
74%
M Brodaty filozof z XIX wieku, który zainspirował wiele rewolucji XX wieku Karol Marx
69%
C Sojusz, do którego należały Niemcy podczas I wojny światowej Państwa {centralne}
66%
X Odkryto je w 1895 roku, znane jest również jako promieniowanie Rentgena X
66%
T Konflikt trwający od 1618 do 1648 roku Wojna {trzydziestoletnia}
65%
W Nazwa potoczna Republiki Niemieckiej w latach 1918-1933 Republika {Weimarska}
61%
F Wielki król Prus, który rządził w latach 1740-1786 Fryderyk
60%
Ż Linia podziału między Niemcami Wschodnimi, a Zachodnimi Żelazna kurtyna
47%
V Ten typ rakiety, używany do atakowania miast alianckich, stał się pierwszym obiektem stworzonym przez człowieka, który poleciał w kosmos w 1944 roku V-2
43%
P To stereotypowo niemieckie danie było powszechnie używane jako symbol cechów piekarzy Precel
40%
S Germańskie plemię, które najechało Anglię w latach 400. Sasowie
39%
U Pierwszy taki ośrodek w Niemczech powstał w Heidelbergu w 1386 roku Uniwersytet
39%
Z Sterowiec napełniony wodorem, który popadł w ruinę po katastrofie Hindenburga Zeppelin
39%
E Niemcy miały taki „cud” po II wojnie światowej Ekonomiczny
31%
I Nadawanie wasalowi dóbr seniora, co było przedmiotem sporu między Henrykiem, a papieżem Grzegorzem VII Inwestytura
25%
Q Chińskie miasto okupowane przez Niemcy od 1898 do 1914 roku. Obecnie jest siedzibą drugiego co do wielkości browaru w Chinach. Qingdao
17%
Nie znaleziono quizów pasujących do podanych kryteriów
Rozkład punktacji
Procent ludzi z każdym wynikiem
Percentyl według liczby udzielonych odpowiedzi
Twoja historia wyników
Nie rozwiązałeś tego quizu